000 01068nam a2200229Ia 4500
003 Ost
005 20260416102359.0
008 260416s9999||||xx |||||||||||||| ||und||
040 _cfsecg
041 _aara
082 _a1.42
100 _aلعيساوي، كريمة
_eمؤلف
245 0 _a المنهجية /
_c كريمة لعيساوي
260 _aالجزائر
_bجامعة الجزائر3: كلية العلوم الإقتصادية، العلوم التجارية وعلوم التسيير
_c2022
300 _a45 ورقة
_bايضاحات
_c30 سم
504 _aالمراجع
520 _aالبحث العلمي ، المشكلة البحثية في العلوم الاجتماعية ، مستويات البحث العلمي ، خطوات و قواعد كتاباة مذكرة علمية.
653 _aالبحث العلمي
653 _aطرق البحث
710 _aجامعة الجزائر3: كلية العلوم الإقتصادية، العلوم التجارية وعلوم التسيير
_eناشر علمي
942 _cHANDOUT
999 _c41348
_d41348